000 00728nam a22002297a 4500
003 DO-SdBNP
005 20240229180118.0
007 ta
008 221104b2022 dr ||||| |||| 00| 0 spa d
020 _a9789945872255
040 _aDO-SdBNP
_bspa
_cBNPHU
100 1 _aNg Cortiñas, Haivanjoe
_921599
245 1 3 _aEl economista y yo, conversando /
_cHaivanjoe NG Cortiñas ; prólogo Harold Vásquez
260 _aSanto Domingo :
_bDe Luxe,
_c2022.
300 _a407 p. ;
_c23 cm.
500 _aIncluye datos biográficos del autor en la contracubierta
504 _aBibliografía : p. 403-407
590 _aInventariado, 2022/BT
700 1 _aVásquez, Harold,
_epról.
_974681
910 _aBtavárez
942 _2ddc
_cLBS1
999 _c52788
_d52788